• 首页
  • 本馆介绍
  • 公告通知
  • 最新文献
  • 馆藏检索
  • 电子资源
  • 读者导购
  • 参考咨询
  • 我的图书馆
  • 登录
  • 详细信息显示
  • 放入我的书架
  • 预约/预借图书
  • 作者相关作品
  • 分类相关作品
  • 丛书相关作品
  • 出版社相关作品

书目信息

  • 表格格式
  • 工作单格式
  • 卡片格式
题名:
系统决策与建模
    
 
作者: 石全 编著
分册:  
出版信息: 北京   国防工业出版社  2016.7
页数: 239页
开本: 26cm
丛书名:
单 册:
中图分类: N945.25 , N945.12
科图分类:
主题词: 系统决策 , 系统建模
电子资源:
ISBN: 978-7-118-10698-5
000 01080nam0 2200301 450
001 0400002522
005 20171021104917.0
010    @a978-7-118-10698-5@dCNY68.00
100    @a20170215e2016 em y0chiy50 ea
101 0  @achi
102    @aCN@b110000
105    @ay az 000yy
106    @ar
200 1  @a系统决策与建模@9xi tong jue ce yu jian mo@f石全[等]编著
210    @a北京@c国防工业出版社@d2016.7
215    @a239页@d26cm
304    @a编著者还有:王立欣、史宪铭、赵美
312    @a封面英文题名:Decision and modeling of systems
320    @a有书目(第238-239页)
330    @a本书全面系统地介绍了系统决策与建模的基本概念、理论、方法和模型。主要内容包括系统概述、体系工程、系统决策、系统决策模型体系、系统决策方法与模型、系统评价方法与模型、系统预测方法与模型以及系统优化算法与模型,且每章均配有应用案例。
510 1  @aDecision and modeling of systems@zeng
606 0  @a系统决策
606 0  @a系统建模
690    @aN945.25@v5
690    @aN945.12@v5
701  0 @a石全@9shi quan@4编著
801  0 @aCN@b91MARC@c20171021
905    @b1021979-83@dN945.25@f5@e56
    
    系统决策与建模/石全[等]编著.-北京:国防工业出版社,2016.7
    239页;26cm
    
    
    ISBN 978-7-118-10698-5:CNY68.00
    本书全面系统地介绍了系统决策与建模的基本概念、理论、方法和模型。主要内容包括系统概述、体系工程、系统决策、系统决策模型体系、系统决策方法与模型、系统评价方法与模型、系统预测方法与模型以及系统优化算法与模型,且每章均配有应用案例。
●
相关链接 在E读中查询图书 在五车中查询图书 在当当中查询图书 在豆瓣中查询图书


正题名:系统决策与建模     索取号:N945.25/56         预约/预借

序号 登录号 条形码 馆藏地/架位号 状态 备注
1 1021979   210219798   第二样本阅览室/ [索取号:N945.25/56] 在馆    
2 1021980   210219805   密集书库-物理学院/ [索取号:N945.25/56] 在馆    
3 1021981   210219814   第三借阅区/ [索取号:N945.25/56] 在馆    
4 1021982   210219823   第三借阅区/ [索取号:N945.25/56] 在馆    
5 1021983   210219832   第三借阅区/ [索取号:N945.25/56] 在馆    
唐山师范学院图书馆 欢迎您!
大连网信软件有限公司© 版权所有